Những giá trị lịch sử văn hoá 1000 năm Thăng Long - Hà Nội

Gorde:
Xehetasun bibliografikoak
Egile nagusia: Nguyễn Viết Chức
Formatua: Liburua
Hizkuntza:Undetermined
Argitaratua: H. CTQG 2003
Gaiak:
Etiketak: Etiketa erantsi
Etiketarik gabe, Izan zaitez lehena erregistro honi etiketa jartzen!
Thư viện lưu trữ: Trung tâm Học liệu Trường Đại học Cần Thơ
LEADER 00595nam a2200205Ia 4500
001 CTU_53567
008 210402s9999 xx 000 0 und d
020 |b 28500 
082 |a 915.97 
082 |b Ch552 
100 |a Nguyễn Viết Chức 
245 0 |a Những giá trị lịch sử văn hoá 1000 năm Thăng Long - Hà Nội 
245 0 |c Nguyễn Viết Chức 
260 |a H. 
260 |b CTQG 
260 |c 2003 
650 |a vietnam 
650 |x description and travel 
650 |z thang long 
980 |a Trung tâm Học liệu Trường Đại học Cần Thơ